000 00791nam a2200229 i 4500
001 59210
003 ES-MaACL
005 20250728062602.0
007 t|
008 031028s1987 sp ||||1| spa d
020 _a84-7351-208-1
100 1 _aEmbid Irujo, Antonio.
_947138
245 1 3 _aLa fidelidad de los funcionarios a la Constitución
_b: un estudio de los derechos alemán y español /
_cAntonio Embid Irujo.
260 _aAlcalá de Henares :
_bInstituto Nacional de Administración Pública,
_c[1987]
300 _a219 p. ;
_c22 cm.
490 1 _aMonografías ;
_v3
500 _aIndice.
504 _aBibliografía.
830 0 0 _aMonografías (Centro de Estudios Benaventanos "Ledo del Pozo")
_v3
_9177262
852 _aES-MaACL
_jL-11775
_bR.113430
999 _c59210
_d59210